Music Quiz

Random Music or Song Quiz

Which Jonas Brothers song? Quiz Stats

 Plays Quiz not verified by Sporcle

Score 0/83 Timer 20:00
0 Plays Today
Lyrics Songs % Correct
I'm giving you a high five 'cause hugs are over rated, just FYIS.O.S
91.5%
I'm taking all the doctor's meds, I'm still freakin' outParanoid
87.9%
He told me he built a time machine. Like one in a film I've seenYear 3000
87.1%
The two of us tonight, We can make it last foreverL.A Baby
86.7%
You've got me on my toesBurning Up
86.7%
Now I'm speechless, Over the edge, I'm just breathlessLovebug
86.3%
I get a rep for breakin' hearts, Now I'm done with superstarsMuch Better
84.7%
You know it's bad when your momma doesn't like herVideo Girl
83.5%
You don't know what its like to feel so low.A little bit longer
83.1%
Somehow I'm to blame For this never-ending racetrack you call life Turn Right
82.7%
I've been making lots of plans, Like a picket fence and a rose gardenJust Friends
82.7%
She hates the sun cause it proves she's not alone And the world doesn't revolve around her Black Keys
82.3%
Throwing punchlines, no one winsTonight
81.9%
You got moves, I've got shoes, let's go dancingThat's Just The Way We Roll
81.9%
Begging to hear your voice, Tell me you love me tooCan't Have You
81.5%
Filled with sorrow, filled with pain, Knowing that I am to blame Sorry
81%
You were miles away from the place where you needed to beFly With Me
80.6%
It's not that hard to be a friendHold On
80.6%
And she always understands Even when it don't make senseMandy
80.6%
Everything's alright, When you're right here by my side.When You Look Me In The Eyes
80.2%
I drove her home and she whispered in my ear Party doesn't have to end, we can dance hereLive To Party
79.8%
I don't wanna hurt you, I wanna kiss youBB good
79.8%
Cause now we're making headlines, primetime Saying what a story!Hollywood
79.8%
I will not disappoint you I will be right there for you 'til the endPlease Be Mine
79.8%
It's been a long time Since my phone's rung And you've been on that lineHello Beautiful
79%
Say goodbye to all my fears One good song and they disappearPlay My Music
78.6%
I've never been into cars, I like really cool guitars and superheros Introducing me
78.6%
With every stike of lightning, Comes a memory that lastsBefore The Storm
78.6%
Lyrics Songs % Correct
Someday they'll see how beautiful she really is Underdog
78.2%
Then she went away, Left my heart in twoStill In Love With You
77.4%
The last time that I left these steps Was after our first kissGames
76.6%
It's the hope for all the hopeless, In the worst of trying timesDon't Speak
74.6%
Telling lies just to feel happy But I won't retaliateWorld War III
74.2%
We could run forever if you wanted to And i would not get tiredInseparable
74.2%
How can I call you a friend? You stood me up in the end7:05
74.2%
I'm gonna be this way Right up until my dying dayI am what I am
73.4%
Reaching for her keys so I guess it's now or neverSix minutes
73.4%
I need to try to get to where you are, Could it be you're not that far?Gotta find you
73%
A summer like no other, you're my L.A. babyYour Biggest Fan
72.6%
Everybody knows it's true. They know all your secretsAustralia
72.6%
Dreamers, you see everything in colorLove Is On its way
72.2%
Practice makes perfect But perfect's not workin'Heart & Soul
71.8%
And to my surprise, it was all green lightsDrive
71%
I climb a tree outside her home To make sure she is aloneWhat I go to school for
70.6%
You hear the crowd screaming out your name for the encoreKeep It Real
70.2%
I have to learn that the court's adjourned,Poison Ivy
70.2%
You say you didn't mean to break My heart but girl you did, I'm over itGoodnight & Goodbye
70.2%
I start to freak and scream so loud, Just like the females in the crowdDon't Charge Me For The Crime
69.4%
It's infatuation, You're my love frustrationInfatuation
69.4%
From Jersey Town to the L.A. Crowd, They hear us all over the world.Feeling Alive
68.5%
And I know that it's my fault But I'm gonna treat you betterMake It right
68.1%
Somethings changing deep inside, All my hopes are comin' aliveInvisible
68.1%
All I ever get is attitude, Constant never ending bad mood from you What Did I Do To Your Heart
67.7%
Say that you need me, I know you're deceivingHey Baby
67.7%
Look ahead, the past is behind youKids Of The Future
67.3%
I have a choice, but I don't know what to feelFall
66.9%
Lyrics Songs % Correct
We were watching star wars, she looked kinda bored, Said she'd seen it all beforeOut Of This World
66.9%
I'm the kind of guy that likes to scream And all these other people want to do it like meBounce
66.5%
Is it me, girl, or someone else?Shelf
66.5%
You can make a broken heart go awaySummer Rain
65.7%
Rockin' out to my favorite songs, That's all I really needSet this party off
65.3%
You camouflage the way you feelTake A Breath
65.3%
Tried to smile frowned insteadOne Day At A time
65.3%
I'll escape the gravity And I'll reach my destinyTime For Me To Fly
65.3%
I'm not fakin', Girl, I'm just sayin'Hey You
64.9%
If you really don't care then say it to my facePushing Me Away
64.9%
I'd be better off if you weren't aroundOne Man Show
63.7%
When you came, you saw, you conquered my heart.Critical
63.3%
Oh I was so lonely, Now I know you love meGot Me Going Crazy
62.9%
It's over, there's no one to blame.Things will never be the same
62.1%
She's all or nothing But my feeling's never changeWouldn't Change A Thing
60.9%
Everybody's feeling fine and everything will be alrightChilling in the summertime
60.9%
Words don't come easy without a melody. I'm always thinking In terms of do-re-miYou're my favorite song
60.1%
It might sound cheesy But i wanted her to stayPizza Girl
59.7%
I'm just trying to be honest with myself, with you, with the world.Give Love A Try
59.7%
Get over it your friends are so much hotterMove On
58.9%
I don't want to see you, Be near you.You Just Don't Know It
58.1%
I make up one more lame excuse for Why can't come out tonight Love sick
48.8%
Feeling something deep inside that I just won't admitTell Me Why
46.8%
Life is for dreamers and I'm a believerWe Got The Party
43.1%
What makes you think I need you, Or anybody else? Don't Tell Anyone
42.3%
I'm not cut out, For the road of the entertainer,Cause I'm really not that loudTime Is On Our Side
34.3%
I've found a place were my heart will stayI Left My Heart In Scandinavia
33.5%

You're not logged in!

Compare scores with friends on all Sporcle quizzes.
OR
Log In

Show Comments

Extras

Created Oct 23, 2010ReportNominate
Tags:Song Quiz, brother, jena

Top Quizzes Today


Score Distribution

Your Account Isn't Verified!

In order to create a playlist on Sporcle, you need to verify the email address you used during registration. Go to your Sporcle Settings to finish the process.

Report this User

Report this user for behavior that violates our Community Guidelines.

Details: